• 首页
  • 本馆介绍
  • 公告通知
  • 最新文献
  • 馆藏检索
  • 电子资源
  • 读者导购
  • 参考咨询
  • 我的图书馆
  • 登录
  • 详细信息显示
  • 放入我的书架
  • 预约/预借图书
  • 作者相关作品
  • 分类相关作品
  • 丛书相关作品
  • 出版社相关作品

书目信息

  • 表格格式
  • 工作单格式
  • 卡片格式
题名:
铁道线路
    
 
作者: ;北方交通大学铁道建筑系 编
分册:  
出版信息: 北京   人民铁道出版社  1978
页数: 401页
开本: 19cm
丛书名:
单 册:
中图分类: U21
科图分类:
主题词: 铁道线路
电子资源:
ISBN:
000 00627nam0 2200229 45
001 0178000034
005 20060801101329.75
010    @dCNY0.90
091    @a15043.6084
100    @a19950913d1978 em y0chiy0121 ea
101 0  @achi
102    @aCN@b110000
105    @ay z 000yy
200 10 @a铁道线路@Atie dao xian lu@f北方交通大学铁道建筑系编
205    @a修订本
210    @a北京@c人民铁道出版社@d1978
215    @a401页@d19cm
606    @a铁道线路
690    @aU21@v3
711 02 @a北方交通大学铁道建筑系@Abei fang jiao tong da xue tie dao jian zhu xi@4编
801  0 @aCN@bTSSF@c20060801
905    @a10447@dU21@e159
    
    铁道线路/北方交通大学铁道建筑系编.-修订本.-北京:人民铁道出版社,1978
    401页;19cm
    
    
    ISBN :CNY0.90
    
●
相关链接 在E读中查询图书 在五车中查询图书 在当当中查询图书 在豆瓣中查询图书


正题名:铁道线路     索取号:U21/159         预约/预借

序号 登录号 条形码 馆藏地/架位号 状态 备注
1 0439082   204390827   密集书库/ [索取号:U21/159] 在馆    
唐山师范学院图书馆 欢迎您!
大连网信软件有限公司© 版权所有